|
|
|
|
| LEADER |
01264nab a2200385 i 4500 |
| 001 |
publ25952 |
| 005 |
20230104105221.0 |
| 008 |
230104s2022 hu o 0|| zxx d |
| 022 |
|
|
|a 2515-7655
|
| 024 |
7 |
|
|a 10.1088/2515-7655/ac7823
|2 doi
|
| 024 |
7 |
|
|a 32892723
|2 mtmt
|
| 040 |
|
|
|a SZTE Publicatio Repozitórium
|b hun
|
| 041 |
|
|
|a zxx
|
| 100 |
1 |
|
|a Stephens Ifan E. L.
|
| 245 |
1 |
0 |
|a 2022 roadmap on low temperature electrochemical CO2 reduction
|h [elektronikus dokumentum] /
|c Stephens Ifan E. L.
|
| 260 |
|
|
|c 2022
|
| 300 |
|
|
|a 84
|
| 490 |
0 |
|
|a Journal of Physics: Energy
|v 4 No. 4
|
| 650 |
|
4 |
|a Kémiai tudományok
|
| 700 |
0 |
1 |
|a Chan Karen
|e aut
|
| 700 |
0 |
1 |
|a Bagger Alexander
|e aut
|
| 700 |
0 |
1 |
|a Boettcher Shannon W.
|e aut
|
| 700 |
0 |
1 |
|a Bonin Julien
|e aut
|
| 700 |
0 |
1 |
|a Boutin Etienne
|e aut
|
| 700 |
0 |
1 |
|a Buckley Aya K.
|e aut
|
| 700 |
0 |
1 |
|a Buonsanti Raffaella
|e aut
|
| 700 |
0 |
1 |
|a Cave Etosha R.
|e aut
|
| 700 |
0 |
1 |
|a Chang Xiaoxia
|e aut
|
| 700 |
0 |
1 |
|a Chee See Wee
|e aut
|
| 700 |
0 |
2 |
|a da Silva Alisson H. M.
|e aut
|
| 700 |
0 |
2 |
|a de Luna Phil
|e aut
|
| 700 |
0 |
2 |
|a Endrődi Balázs
|e aut
|
| 700 |
0 |
2 |
|a Janáky Csaba
|e aut
|
| 700 |
0 |
2 |
|a et al.
|e aut
|
| 856 |
4 |
0 |
|u http://publicatio.bibl.u-szeged.hu/25952/1/Stephens_2022_J._Phys._Energy_4_042003.pdf
|z Dokumentum-elérés
|